15 capitales du monde avec le plus d’habitants - Statistiques

Statistiques générales
  • Ce quiz a été pris 229 fois
  • Le résultat moyen est 9 sur 15
Statistiques - réponses
Nombres habitants Réponse % Correct
14 000 000 Tokyo
95%
21 300 000 Pékin
93%
16 800 000 New delhi
86%
12 500 000 Moscou
84%
9 700 000 Londres
80%
9 200 000 Mexico
74%
10 640 000 Jakarta
66%
9 500 000 Le caire
63%
10 000 000 Séoul
61%
8 250 000 Bangkok
44%
9 000 000 Dacca
42%
8 700 000 Téhéran
37%
7 500 000 Bogota
33%
10 620 000 Lima
27%
7 200 000 Bagdad
21%
Aucun quiz correspondant
Distribution des résultats
% des personnes avec chaque résultat
Percentile par nombre de réponses
Votre historique - résultats
Vous n’avez pas pris ce quiz